| 000 | 00569nam a2200217 a 4500 | ||
|---|---|---|---|
| 999 |
_c9213 _d9213 |
||
| 001 | 9213 | ||
| 003 | BD-JhCC | ||
| 005 | 20180311102823.0 | ||
| 008 | 180311s1966 e |||| || | 001 0 eng d | ||
| 035 | _a(BD-JhCC)9213 | ||
| 040 |
_aBD-JhCC _dBD-JhCC |
||
| 041 | _aeng | ||
| 082 |
_a923.1 _bSOR 1966 |
||
| 100 | _aSorley, H. T. | ||
| 245 |
_aShah Abdul Latif of Bhit : His History, Life and Times / _cH. T. Sorley, |
||
| 260 |
_aLondon : _bOxford University Press, _c1966 |
||
| 300 |
_a432 p. : _c22 cm. |
||
| 650 | _aBiography | ||
| 942 |
_2ddc _cBK |
||